000 00565nam a2200205Ia 4500
005 20250923144948.0
008 008 250917s9999 xx 000 0 eng d
037 _aTextual
040 _aDSWL
_beng
_cDSWL
041 _aeng
_2eng
084 _aYX,ZB, N64
_qDSWL
100 _aYounghusband, E.
_9830320
245 0 _aNew developments in casework
_cby E.Younghusband
260 _aLondon
_bGeorge Allen & Unwin
_c1966
300 _a183p.
365 _aINR
_b25
925 _g25
942 _cTEXL
_hYX,ZB, N64
999 _c1445434
_d1445434